000 00916nam a2200277 i 4500
001 19969
003 ES-MaACL
005 20240205165140.0
007 t|
008 020711s2001 sp ||||1| spa d
020 _a84-206-4459-5
080 _a929 Richardson, John
080 _a929 Cooper, Douglas
080 _a929 Picasso, Pablo
100 1 _aRichardson, John.
_996935
245 1 3 _aEl aprendiz de brujo
_b: Picasso, Provenza y Douglas Cooper /
_cJohn Richardson ; versión española de Fernando Borrajo.
260 _aMadrid :
_bAlianza Editorial,
_c[2001]
300 _a363 p., [8] p. de lám. ;
_c23 cm.
504 _aBibliografía: p. 349-350.
600 1 4 _aRichardson, John.
_996935
600 1 4 _aCooper, Douglas.
_940385
600 1 4 _aPicasso, Pablo,
_d1881-1973
_991794
700 1 _aBorrajo, Fernando.
_930545
852 _aES-MaACL
_jL-25966
_bR.131273
999 _c19969
_d19969